Music Quiz

Random Music or Verse Quiz

Lyrics; Jake Paul- It,s Everyday Bro ft Team 10 Verse 6 Quiz Stats

Quiz not verified by Sporcle

Challenge
Share
Tweet
Embed
Score 0/94 Timer 06:00
0 Plays Today
Hint lyric % Correct
its
83.5%
you
74.4%
bro
72.2%
and
71%
a
71%
a
71%
and
71%
and
71%
everyday
70.5%
that
69.3%
that
69.3%
is
65.3%
is
65.3%
is
65.3%
is
65.3%
your
61.9%
your
61.9%
your
61.9%
boys
60.8%
boys
60.8%
my
55.7%
my
55.7%
so
54%
i
52.8%
i
52.8%
i
52.8%
i
52.8%
i
52.8%
im
51.7%
im
51.7%
talking
51.1%
drone
51.1%
Hint lyric % Correct
good
51.1%
cologne
51.1%
cologne
51.1%
me
51.1%
me
51.1%
aint
50.6%
yeah
50.6%
smell
50.6%
home
49.4%
phone
49.4%
in
49.4%
in
49.4%
in
49.4%
book
48.9%
calling
48.9%
like
48.9%
like
48.9%
stop
48.3%
fly
48.3%
they
47.7%
they
47.7%
they
47.7%
they
47.7%
Panera
46%
loan
44.9%
peace
43.8%
all
43.2%
all
43.2%
see
43.2%
with
42.6%
copy
42%
cause
40.3%
Hint lyric % Correct
flippin
39.8%
tomorrow
39.8%
started
39.2%
balling
39.2%
zone
39.2%
will
39.2%
****
38.6%
link
36.4%
bio
36.4%
buying
35.8%
now
35.8%
some
35.8%
merch
35.8%
thats
35.2%
but
34.7%
said
34.7%
yes
34.1%
clones
34.1%
clothes
34.1%
designer
33.5%
ask
33%
what
33%
loans
31.3%
make
30.7%
six
30.7%
ten
30.1%
always
29.5%
plug
29.5%
zeros
27.8%
quicken
24.4%

You're not logged in!

Compare scores with friends on all Sporcle quizzes.
Join for Free
OR
Log In

You Might Also Like...

Show Comments

Extras

Top Quizzes Today


Score Distribution

Your Account Isn't Verified!

In order to create a playlist on Sporcle, you need to verify the email address you used during registration. Go to your Sporcle Settings to finish the process.

Report this User

Report this user for behavior that violates our Community Guidelines.

Details: